Welcome to CU Library Online Public Access Catalogue (OPAC)

Principles and practice of analytical chemistry / (Record no. 1836)

MARC details
000 -LEADER
fixed length control field 00791cam a2200241 a 4500
001 - CONTROL NUMBER
control field 11851678
005 - DATE AND TIME OF LATEST TRANSACTION
control field 20241130121512.0
007 - PHYSICAL DESCRIPTION FIXED FIELD--GENERAL INFORMATION
fixed length control field cr_|||||||||||
008 - FIXED-LENGTH DATA ELEMENTS--GENERAL INFORMATION
fixed length control field 991129s2000 maua b 001 0 eng
020 ## - INTERNATIONAL STANDARD BOOK NUMBER
International Standard Book Number 0632061812 (electronic bk.)
020 ## - INTERNATIONAL STANDARD BOOK NUMBER
International Standard Book Number 9780632053841
050 00 - LIBRARY OF CONGRESS CALL NUMBER
Classification number QD75.2 .F53 2000
Item number .F53 2000
082 00 - DEWEY DECIMAL CLASSIFICATION NUMBER
Classification number 543
Edition information 21
100 1# - MAIN ENTRY--PERSONAL NAME
Personal name Fifield, F. W.
Fuller form of name (Frederick William)
245 10 - TITLE STATEMENT
Title Principles and practice of analytical chemistry /
Statement of responsibility, etc. F.W. Fifield, D. Kealey.
250 ## - EDITION STATEMENT
Edition statement 5th ed.
260 ## - PUBLICATION, DISTRIBUTION, ETC.
Place of publication, distribution, etc. Malden, MA :
Name of publisher, distributor, etc. Blackwell Science,
Date of publication, distribution, etc. c2000.
300 ## - PHYSICAL DESCRIPTION
Extent xiv, 562 p. :
Other physical details ill. ;
Dimensions 25 cm.
650 #0 - SUBJECT ADDED ENTRY--TOPICAL TERM
Topical term or geographic name entry element Analytical chemistry.
700 1# - ADDED ENTRY--PERSONAL NAME
Personal name Kealey, D.
Fuller form of name (David)
856 41 - ELECTRONIC LOCATION AND ACCESS
Uniform Resource Identifier <a href="http://www.netLibrary.com/urlapi.asp?action=summary&v=1&bookid=51734">http://www.netLibrary.com/urlapi.asp?action=summary&v=1&bookid=51734</a>
942 ## - ADDED ENTRY ELEMENTS (KOHA)
Source of classification or shelving scheme Library of Congress Classification
Koha item type Books
Edition 5th ed.
Suppress in OPAC No
999 ## -
-- 1836
-- 1836
Holdings
Withdrawn status Lost status Source of classification or shelving scheme Damaged status Not for loan Collection Home library Current library Shelving location Date acquired Total checkouts Full call number Barcode Date last seen Copy number Price effective from Koha item type
    Library of Congress Classification     Non-fiction Science Library (Miotso) Science Library (Miotso) General stacks 11/30/2024   QD75.2 .F53 FIF SLM00001033 11/30/2024 1 11/30/2024 Books
    Library of Congress Classification     Non-fiction Science Library (Miotso) Science Library (Miotso) General stacks 11/30/2024   QD75.2 .F53 FIF SLM00001034 11/30/2024 2 11/30/2024 Books
    Library of Congress Classification     Non-fiction Science Library (Miotso) Science Library (Miotso) General stacks 11/30/2024   QD75.2 .F53 FIF SLM00001035 11/30/2024 3 11/30/2024 Books
    Library of Congress Classification     Non-fiction Science Library (Miotso) Science Library (Miotso) General stacks 11/30/2024   QD75.2 .F53 FIF SLM00001036 11/30/2024 4 11/30/2024 Books
    Library of Congress Classification     Non-fiction Science Library (Miotso) Science Library (Miotso) General stacks 11/30/2024   QD75.2 .F53 FIF SLM00001037 11/30/2024 5 11/30/2024 Books
    Library of Congress Classification     Non-fiction Science Library (Miotso) Science Library (Miotso) General stacks 11/30/2024   QD75.2 .F53 FIF SLM00001038 11/30/2024 6 11/30/2024 Books
© 2023-2024 Copyright: Central University Libraries. All Rights Reserved | Created by: Mahone Tech Office